000 00619nam a22001937a 4500
999 _c2834
_d2834
003 AR-CdUCM
008 190305b ||||| |||| 00| 0 spa d
040 _aMUNICIPALIDAD PROVINCIAL DEL CUSCO
_cBIBLIOTECA MUNICIPAL DEL CUSCO
082 _a351 /
_bSA194
100 _aSánchez Ramírez, Fortunato B
_99844
245 _aDiccionario administración pública, derecho administrativo /
260 _aLima :
_c1990.
300 _a790 paginas ;
_c21 cm.
505 _aDiccionario.t.1 -- t.2
650 _aAdministración Publica
_99845
650 _aDerecho administrativo
_99846
942 _2ddc
_cLIBROS
945 _awnts